[Event "Stuttgarter SF 1 - SK Schmiden/Cannstatt 1"]
[Site "Oberliga Württemberg 2018/2019"]
[Date "2018.09.23"]
[Round "1"]
[White "Eisele, Steffen"]
[Black "Gabriel, Robert"]
[Result "0-1"]
[WhiteElo "2235"]
[BlackElo "2166"]
[Annotator ""]
[Source ""]
[Remark ""]

1.e4 c6 2.d4 d5 3.Nd2 dxe4 4.Nxe4 Bf5 5.Ng3 Bg6 6.Bc4 Nf6 7.N1e2
e6 8.O-O Bd6 9.f4 O-O 10.f5 exf5 11.Nxf5 Nd5 12.Nxd6 Qxd6 13.Nf4
Nxf4 14.Bxf4 Qd7 15.c3 Na6 16.Qf3 Nc7 17.Rae1 Rae8 18.Bd2 Rxe1
19.Rxe1 Re8 20.Rxe8+ Qxe8 21.Qe3 Qd7 22.Qe5 h6 23.h3 a6 24.Bb3
Kh7 25.Bd1 f6 26.Qf4 Nd5 27.Qf2 Be4 28.c4 Ne7 29.Bc3 f5 30.Bh5
Ng6 31.Qg3 Qf7 32.Bd2 Qf6 33.Qf2 Nh4 34.g3 Ng6 35.Kh2 Qd6 36.Be3
Qe6 37.b3 Qd6 38.Be2 Qa3 39.h4 Qxa2 40.h5 Ne7 41.b4 Ng8 42.g4
Qb1 43.gxf5 Nf6 44.Bf3 Bxf3 45.Qxf3 Qc2+ 46.Kg1 Qxc4 47.Qg3 Qf7
48.Qg6+ Kg8 0-1

[Event "Stuttgarter SF 1 - SK Schmiden/Cannstatt 1"]
[Site "Oberliga Württemberg 2018/2019"]
[Date "2018.09.23"]
[Round "1"]
[White "Hofmann, Martin"]
[Black "Löhr, Markus"]
[Result "1-0"]
[WhiteElo "2163"]
[BlackElo "2125"]
[Annotator ""]
[Source ""]
[Remark ""]

1.d4 Nf6 2.c4 g6 3.Nc3 d5 4.Nf3 Bg7 5.e3 O-O 6.b4 Be6 7.Qb3 a5
8.c5 axb4 9.Qxb4 Na6 10.Bxa6 bxa6 11.O-O Ne4 12.Nd2 Rb8 13.Qa3
Nxc3 14.Qxc3 Bf5 15.Nb3 Re8 16.Ba3 e5 17.Rfe1 Qh4 18.Rad1 Re6
19.Qa5 {(=)} g5 20.Qxc7 Rbe8 21.Nd2 g4 22.Nf1 exd4 23.Bb4 Be5
24.Qd7 Rd8 25.Qa4 d3 26.Ba5 Rde8 27.f4 Bg7 28.c6 d4 29.e4 Bxe4
30.c7 g3 31.Nxg3 Qxf4 32.Nxe4 Rxe4 33.Rxe4 Qxe4 34.Re1 Qxe1+
35.Bxe1 Rxe1+ 36.Kf2 Re2+ 37.Kf1 Rc2 38.Qe8+ Bf8 39.c8Q 1-0

[Event "Stuttgarter SF 1 - SK Schmiden/Cannstatt 1"]
[Site "Oberliga Württemberg 2018/2019"]
[Date "2018.09.23"]
[Round "1"]
[White "Witke, Thomas"]
[Black "Fritsch, Rolf"]
[Result "1-0"]
[WhiteElo "2078"]
[BlackElo "2148"]
[Annotator ""]
[Source ""]
[Remark ""]

1.d4 g6 2.e4 Bg7 3.c4 d6 4.Nc3 e5 5.dxe5 dxe5 6.Qxd8+ Kxd8 7.f4
exf4 8.Bxf4 c6 9.Nf3 h6 10.Be2 Bxc3+ 11.bxc3 Nf6 12.Rd1+ Ke8
13.Bc7 Nbd7 14.e5 Ne4 {(=)} 15.e6 Nf8 16.Rd8+ Ke7 17.exf7 Nc5
18.Ne5 Nce6 19.Re8+ Kf6 20.O-O+ Kg7 21.Bd6 h5 22.Be7 Rh6 23.Bf6+
Kh7 24.Bf3 a5 25.a4 Rb8 26.Nd7 Bxd7 27.Rxb8 c5 28.Re1 Bc6 29.Rxe6 1-0

[Event "Stuttgarter SF 1 - SK Schmiden/Cannstatt 1"]
[Site "Oberliga Württemberg 2018/2019"]
[Date "2018.09.23"]
[Round "1"]
[White "Seyfried, Claus"]
[Black "Martini, Paul"]
[Result "1-0"]
[WhiteElo "2107"]
[BlackElo "1924"]
[Annotator ""]
[Source ""]
[Remark ""]

1.e4 c5 2.c3 d5 3.exd5 Qxd5 4.d4 Nf6 5.Nf3 Bg4 6.dxc5 Qxd1+ 7.Kxd1
e5 8.b4 e4 9.h3 Bh5 10.g4 Nxg4 11.hxg4 Bxg4 12.Nbd2 exf3 13.Bh3
f5 14.Re1+ Kd8 15.Bf1 Be7 16.Nc4 Nd7 17.Na5 Bf6 {(=)} 18.Nxb7+
Kc7 19.Nd6 g5 20.Kc2 1-0

[Event "SC Weiler im Allgäu 1 - TG Biberach 1"]
[Site "Oberliga Württemberg 2018/2019"]
[Date "2018.09.23"]
[Round "1"]
[White "Sinz, Bernhard"]
[Black "Henrichs, Thomas"]
[Result "0-1"]
[WhiteElo "2326"]
[BlackElo "2453"]
[Annotator ""]
[Source ""]
[Remark ""]

1.e4 d6 2.d4 Nf6 3.Nc3 g6 4.f4 Bg7 5.Nf3 O-O 6.e5 dxe5 7.fxe5
Nd5 8.Bc4 Be6 9.Qe2 Nxc3 10.bxc3 Bxc4 11.Qxc4 Nc6 12.Bg5 h6 13.Bh4
g5 14.Bg3 Na5 15.Qd3 Qd5 16.h4 g4 17.Ng5 f5 18.exf6 Rxf6 19.Be5
Nc4 20.Qh7+ Kf8 21.Bxf6 exf6 22.O-O hxg5 23.Rxf6+ Bxf6 24.Rf1
Qe6 25.Qh8+ Ke7 26.Qxa8 Nd2 27.hxg5 Qe3+ 28.Kh1 Nxf1 29.gxf6+
Kf7 30.Qxb7 Ng3+ 31.Kh2 Nf5 32.Qxc7+ Kg6 33.f7 Qh6+ 34.Kg1 Qc1+
35.Kh2 Qh6+ 36.Kg1 g3 37.Qc6+ Kxf7 38.Qc7+ Kg6 39.Qc6+ Kg5 40.Qxh6+
Nxh6 41.Kf1 Kf4 42.Ke2 Nf5 43.d5 Ke4 44.c4 a6 45.c3 a5 46.c5
Kxd5 47.Kf3 Kxc5 48.Kf4 Ne7 49.Kxg3 Kc4 50.Kf4 Kxc3 51.Ke5 a4
52.Kf6 Nd5+ 53.Ke5 Ne3 0-1

[Event "SC Weiler im Allgäu 1 - TG Biberach 1"]
[Site "Oberliga Württemberg 2018/2019"]
[Date "2018.09.23"]
[Round "1"]
[White "Kraus, Tomas"]
[Black "Weiß, Oliver"]
[Result "1-0"]
[WhiteElo "2452"]
[BlackElo "2248"]
[Annotator ""]
[Source ""]
[Remark ""]

1.c4 e6 2.Nc3 b6 3.Nf3 Bb7 4.g3 Nf6 5.Bg2 Be7 6.O-O O-O 7.d4
Ne4 8.Bd2 f5 9.d5 Bf6 10.Rc1 Nxd2 11.Qxd2 e5 12.e4 g6 13.d6 fxe4
14.dxc7 Qxc7 15.Ng5 Bxg5 16.Qxg5 Nc6 17.Nb5 Qd8 18.Qd2 Ba6 19.Qd5+
Kg7 20.Bxe4 Rb8 21.Rcd1 Rf7 22.Qd6 Qe7 23.Bxc6 dxc6 24.Qxb8 cxb5
25.cxb5 Bxb5 26.Rfe1 e4 27.Qd6 Qxd6 28.Rxd6 Rc7 29.Rd2 Re7 30.Rd4
Bc6 31.Re3 Rf7 32.h4 Kf8 33.Rc3 Bb7 34.Kf1 Kg7 35.Ke1 Kf6 36.Rdc4
Bd5 37.Rc7 Bxa2 38.Rxf7+ Bxf7 39.Rc7 h5 40.Rxa7 Bc4 41.Rc7 Bd5
42.Kd2 1-0

[Event "SC Weiler im Allgäu 1 - TG Biberach 1"]
[Site "Oberliga Württemberg 2018/2019"]
[Date "2018.09.23"]
[Round "1"]
[White "Mack, Wolfgang"]
[Black "Balacek, Tadeas"]
[Result "0-1"]
[WhiteElo "2183"]
[BlackElo "2289"]
[Annotator ""]
[Source ""]
[Remark ""]

1.g3 d5 2.Bg2 Nf6 3.Nf3 c6 4.b3 Bf5 5.Bb2 e6 6.d3 h6 7.Nbd2 Be7
8.c4 O-O 9.h3 Nbd7 10.Qc2 a5 11.g4 Bg6 12.Ne5 Nxe5 13.Bxe5 a4
14.O-O h5 15.Qb2 hxg4 16.hxg4 a3 17.Qc3 Qb6 18.Bf3 Nd7 19.Rad1
Bb4 20.Qa1 Qa5 21.Nb1 Nxe5 22.Qxe5 Rfe8 23.Qg5 d4 24.Qxa5 Rxa5
25.Nd2 f5 26.Kg2 Kf7 27.Rh1 Kf6 28.Nf1 Raa8 29.Ng3 Rh8 30.gxf5
exf5 31.e4 dxe3 32.fxe3 Rxh1 33.Kxh1 Re8 34.e4 f4 35.Ne2 Bd6
36.Kg2 c5 37.Nc3 Bf7 38.d4 cxd4 39.Rxd4 Be5 40.Nd5+ Kg5 41.Rd3
Bh5 42.b4 Bxf3+ 43.Rxf3 Kg4 44.Rxa3 Rh8 45.Rd3 f3+ 46.Kg1 Kg3
47.Ne3 Bd4 48.Rxd4 f2+ 49.Kf1 Rh1+ 50.Ke2 Re1+ 51.Kd2 Rxe3 52.Kxe3
f1Q 0-1

[Event "SC Weiler im Allgäu 1 - TG Biberach 1"]
[Site "Oberliga Württemberg 2018/2019"]
[Date "2018.09.23"]
[Round "1"]
[White "Hasenohr, Benedict"]
[Black "Oberst, Thomas"]
[Result "0-1"]
[WhiteElo "2287"]
[BlackElo "2208"]
[Annotator ""]
[Source ""]
[Remark ""]

1.d4 b5 2.Bf4 Nf6 3.e3 Bb7 4.Nf3 b4 5.Bd3 e6 6.O-O Be7 7.h3 O-O
8.c4 c5 9.Nbd2 d6 10.Bh2 Qb6 11.Qe2 Nc6 12.dxc5 dxc5 13.e4 Nd4
14.Nxd4 cxd4 15.c5 Bxc5 16.Nc4 Qd8 17.e5 Nd7 18.Qh5 g6 19.Qg4
Bd5 20.Rac1 Bxc4 21.Rxc4 Qa5 22.Rfc1 Bb6 23.Qe2 Qxa2 24.Bf4 Qa5
25.R4c2 Nc5 26.Bc4 d3 27.Bxd3 Nb3 28.Qf3 Nxc1 29.Rxc1 Bd4 30.Qg3
Bxb2 31.Re1 Bc3 32.Re3 Bd2 33.Bg5 f5 34.exf6 Bxe3 35.Qxe3 Qa1+
36.Kh2 Rxf6 37.Qe4 Raf8 38.Bc4 Rxf2 39.Bxe6+ Kg7 40.Be3 Qa6 41.Qe5+
R2f6 42.Bd4 Qc6 43.Bd5 Qd7 44.g4 h6 45.h4 Kh7 46.Bc5 Rf2+ 47.Kg3
R8f4 0-1

[Event "SC Weiler im Allgäu 1 - TG Biberach 1"]
[Site "Oberliga Württemberg 2018/2019"]
[Date "2018.09.23"]
[Round "1"]
[White "Birkenmaier, Rainer"]
[Black "Wunder, Niklas"]
[Result "1/2-1/2"]
[WhiteElo "2041"]
[BlackElo "2076"]
[Annotator ""]
[Source ""]
[Remark ""]

1.d4 d5 2.Nf3 Nf6 3.c3 Bf5 4.Bf4 e6 5.Qb3 Qc8 6.e3 Bd6 7.Bg3
O-O 8.Nbd2 Nbd7 9.c4 Bxg3 10.hxg3 c5 11.Bd3 Bxd3 12.Qxd3 cxd4
13.Qxd4 dxc4 14.Qxc4 Qxc4 15.Nxc4 {(=)} Rac8 16.b3 Ne4 17.Nd4
a6 18.g4 b5 19.Nd2 Ndc5 20.Nxe4 Nxe4 21.f3 Nc3 22.Rf1 g6 23.Rf2
e5 24.Nc2 Rfd8 25.Rd2 a5 26.Na3 Kf8 27.Rc1 Ke7 28.Rxd8 Kxd8 29.Rc2 1/2-1/2

[Event "SC Weiler im Allgäu 1 - TG Biberach 1"]
[Site "Oberliga Württemberg 2018/2019"]
[Date "2018.09.23"]
[Round "1"]
[White "Wunder, Fabian"]
[Black "Namyslo, Holger"]
[Result "1/2-1/2"]
[WhiteElo "2035"]
[BlackElo "2215"]
[Annotator ""]
[Source ""]
[Remark ""]

1.d4 d5 2.c4 e6 3.Nf3 Nf6 4.g3 Be7 5.Bg2 O-O 6.O-O dxc4 7.Qc2
a6 8.Qxc4 b5 9.Qc2 Bb7 10.Bd2 Be4 11.Qc1 b4 12.a3 a5 13.axb4
axb4 14.Rxa8 Bxa8 15.Rd1 Nbd7 16.Be1 Qb8 17.Nbd2 c5 18.Nb3 Rc8
19.dxc5 Nxc5 20.Nxc5 Bxc5 21.Qd2 h6 22.Rc1 Ne4 23.Qd1 Qb6 24.e3
Rd8 25.Qe2 Qd6 26.Qc2 Bd5 27.Nd4 Bxd4 28.exd4 Ng5 29.Qc5 Bxg2
30.Qxd6 Rxd6 31.Bxb4 Rxd4 32.Bc3 Bd5 33.Bxd4 Nf3+ 34.Kf1 Nxd4
35.b4 Bc6 36.f4 Bb5+ 37.Kf2 Kf8 38.h4 h5 39.Rc5 g6 40.Ke3 Nf5+
41.Kf3 Ke7 42.Kf2 Nd6 43.Rc7+ Bd7 44.Kf3 f6 45.Ra7 e5 46.fxe5
fxe5 47.Ra5 Bc6+ 48.Ke2 Ke6 49.Rc5 Bd5 50.Ra5 e4 51.Ra7 Bc4+
52.Ke3 Ke5 53.Re7+ Be6 54.Kf2 Nf5 55.Re8 Nd6 56.Re7 Kd5 57.Rc7
Kd4 58.Rc6 e3+ 59.Ke1 Ke5 60.Rc3 Nf5 61.b5 Kd4 62.Rc6 Bd5 63.Rxg6
Kd3 64.Rg5 Be4 65.Rg8 e2 66.b6 Ke3 67.Rd8 Nd4 68.Rxd4 Kxd4 69.Kxe2
Kc5 70.Ke3 Bc6 1/2-1/2

[Event "SC Weiler im Allgäu 1 - TG Biberach 1"]
[Site "Oberliga Württemberg 2018/2019"]
[Date "2018.09.23"]
[Round "1"]
[White "Schulze, Andreas"]
[Black "Hosticka, Frantisek"]
[Result "0-1"]
[WhiteElo "2121"]
[BlackElo "2047"]
[Annotator ""]
[Source ""]
[Remark ""]

1.e4 Nf6 2.e5 Nd5 3.Bc4 Nb6 4.Bb3 c5 5.Qe2 g6 6.a4 a5 7.c3 Nc6
8.Nf3 Bg7 9.d4 cxd4 10.cxd4 d5 11.h3 Bf5 12.O-O O-O 13.Nc3 Nb4
14.Rd1 Rc8 15.g4 Be6 16.Ng5 Bd7 17.e6 fxe6 18.Nxe6 Bxe6 19.Qxe6+
Rf7 20.Ne4 Rc6 0-1

[Event "SC Weiler im Allgäu 1 - TG Biberach 1"]
[Site "Oberliga Württemberg 2018/2019"]
[Date "2018.09.23"]
[Round "1"]
[White "Mira, Helene"]
[Black "Reimche, Vadim"]
[Result "1/2-1/2"]
[WhiteElo "2060"]
[BlackElo "2030"]
[Annotator ""]
[Source ""]
[Remark ""]

1.Nf3 d5 2.d4 Nf6 3.e3 e6 4.Bd3 c5 5.b3 cxd4 6.exd4 Nc6 7.O-O
Be7 8.Nbd2 O-O 9.Bb2 a6 10.Ne5 Bd7 11.f4 Nb4 12.Be2 Ne4 13.a3
Nc6 14.Nxe4 dxe4 15.c4 Nxe5 16.fxe5 Bc6 17.Qe1 b5 18.Qc3 Rc8
19.Qh3 Rb8 20.c5 Qd5 21.b4 f6 22.exf6 Bxf6 23.Kh1 Rbe8 24.Bd1
Qg5 25.Bb3 Bd5 26.Rae1 Qh4 27.Qc3 Bd8 28.Bxd5 exd5 29.Qb3 Rf5
30.g3 Qh3 31.Rxf5 Qxf5 32.Bc1 g5 33.Kg1 Rf8 34.Be3 Bc7 35.Qa2
h6 36.Qe2 Qf3 37.Qxf3 Rxf3 38.Kg2 Kg7 39.Re2 Kg6 40.Bc1 h5 41.Re3
Rf7 42.Re2 Bd8 43.Rf2 Bf6 44.Be3 Ra7 45.a4 Rb7 46.Ra2 Kf5 47.axb5
Rxb5 48.Rxa6 Rxb4 49.Rd6 Bxd4 50.Rxd5+ Be5 51.Bxg5 Ke6 52.Rd2
Bd4 53.c6 Rc4 54.c7 Bb6 55.Rd8 Bxc7 56.Rh8 Kf5 57.Be3 Rc2+ 58.Kh3
Ke6 59.Rxh5 Re2 60.Rh6+ Kf5 61.Rc6 Rxe3 62.Rxc7 Kf6 63.Kg4 Re2
64.Rc6+ Kg7 65.h4 Kf7 66.Kf5 e3 67.Rc7+ Kf8 68.Kf4 Rg2 69.Rc3
e2 70.Re3 Rf2+ 71.Ke4 Kf7 72.Kd3 Rg2 73.Ke4 Rf2 74.g4 Kg6 {evtl. geschahen noch 1-2 Züge, die Formulare sind widersprüchlich}
 1/2-1/2

[Event "SK Sontheim/Brenz 1 - TG Biberach 1"]
[Site "Oberliga Württemberg 2018/2019"]
[Date "2018.10.14"]
[Round "2"]
[White "Sinz, Bernhard"]
[Black "Walter, Kevin"]
[Result "1-0"]
[WhiteElo "2326"]
[BlackElo "2097"]
[Annotator ""]
[Source ""]
[Remark ""]

1.e4 c5 2.Nf3 d6 3.d4 cxd4 4.Nxd4 Nf6 5.Nc3 a6 6.Bg5 e6 7.f4
Be7 8.Qf3 Nbd7 9.O-O-O Qc7 10.f5 Ne5 11.Qh3 Nfg4 12.Bxe7 Qxe7
13.Qg3 Qg5+ 14.Rd2 Qe3 15.Nf3 Nxf3 16.gxf3 Ne5 17.Be2 g5 18.Rhd1
Ke7 19.Kb1 Rd8 20.f6+ Kxf6 21.Rxd6 Rxd6 22.Rxd6 Qc5 23.f4 Ng6
24.e5+ Kg7 25.Qxg5 Qf2 26.Qf6+ Kh6 27.Rd3 Qxh2 28.Bf1 Qxf4 29.Rh3+ 1-0

[Event "SK Sontheim/Brenz 1 - TG Biberach 1"]
[Site "Oberliga Württemberg 2018/2019"]
[Date "2018.10.14"]
[Round "2"]
[White "Riefner, Edwin"]
[Black "Weiß, Oliver"]
[Result "1/2-1/2"]
[WhiteElo "2186"]
[BlackElo "2248"]
[Annotator ""]
[Source ""]
[Remark ""]

1.e4 e6 2.d4 d5 3.exd5 exd5 4.Bd3 Nc6 5.Ne2 Bd6 6.c3 Bg4 7.f3
Bh5 8.Bf4 Bg6 9.O-O Nge7 10.Re1 Qd7 11.Bxd6 Qxd6 12.Na3 O-O 13.Bxg6
hxg6 14.Qd2 Rfe8 15.Qf4 Qxf4 16.Nxf4 g5 17.Nd3 a6 18.Nc2 Nf5
19.Kf2 f6 20.Nc5 Nd6 21.Ne3 Ne7 22.Re2 Kf7 23.Rae1 c6 24.Ng4
Nef5 25.Ne3 Nh4 26.Ng4 Rxe2+ 27.Rxe2 Re8 28.Rxe8 Kxe8 29.Ne3
Ng6 30.g3 {(=)} Ke7 31.Ke2 Nf8 32.Kd3 Ne6 33.Nxe6 Kxe6 34.b3
Nf5 35.Nxf5 Kxf5 {(=)} 36.h3 b5 37.b4 Kg6 38.Ke3 Kh5 39.Kf2 Kg6
40.g4 Kh6 41.Kg3 Kh7 42.f4 Kh6 43.fxg5+ fxg5 44.Kf3 Kg6 45.Kg2
Kh7 46.Kg3 Kh6 47.a3 Kg6 48.h4 Kh6 49.h5 1/2-1/2

[Event "SK Sontheim/Brenz 1 - TG Biberach 1"]
[Site "Oberliga Württemberg 2018/2019"]
[Date "2018.10.14"]
[Round "2"]
[White "Mack, Wolfgang"]
[Black "Pürckhauer, Sören"]
[Result "1/2-1/2"]
[WhiteElo "2183"]
[BlackElo "2163"]
[Annotator ""]
[Source ""]
[Remark ""]

1.g3 d5 2.Bg2 Nf6 3.Nf3 c6 4.b3 Bf5 5.Bb2 e6 6.O-O Nbd7 7.d3
Bc5 8.Nbd2 O-O 9.c4 Re8 10.Nh4 Bg4 11.h3 Bh5 12.g4 Bg6 13.Nxg6
hxg6 14.e4 dxe4 15.d4 Bd6 16.Nxe4 Nxe4 1/2-1/2

[Event "SK Sontheim/Brenz 1 - TG Biberach 1"]
[Site "Oberliga Württemberg 2018/2019"]
[Date "2018.10.14"]
[Round "2"]
[White "Lindner, Silvio"]
[Black "Oberst, Thomas"]
[Result "0-1"]
[WhiteElo "2090"]
[BlackElo "2208"]
[Annotator ""]
[Source ""]
[Remark ""]

1.d4 Nf6 2.Nf3 g6 3.c4 Bg7 4.Nc3 d5 5.Bf4 c6 6.e3 O-O 7.h3 Qa5
8.Qd2 Bf5 9.g4 Be6 10.Ng5 Bd7 11.Be2 dxc4 12.Bxc4 c5 13.d5 Qb4
14.Bd3 c4 15.Be2 Na6 16.O-O Rfd8 17.e4 Be8 18.Qc2 b5 19.e5 Nxd5
20.Nxd5 Rxd5 21.Bf3 Bc6 22.Bxd5 Bxd5 23.a3 Qa5 24.Rfd1 Rd8 25.Ne4
Qc7 26.Nc3 e6 27.Nxb5 Qb8 28.Nd6 Nc5 29.Nxc4 Nb3 30.Nd6 Nxa1
31.Rxa1 Qb6 32.Be3 Qa6 33.f4 Bf8 34.Bc5 Ba8 35.Kh2 Qc6 36.Qf2
Qd5 37.g5 Bxd6 38.exd6 e5 39.Bb4 exf4 40.Rg1 f3 41.Qe3 a5 42.Bc5
Bc6 0-1

[Event "SK Sontheim/Brenz 1 - TG Biberach 1"]
[Site "Oberliga Württemberg 2018/2019"]
[Date "2018.10.14"]
[Round "2"]
[White "Birkenmaier, Rainer"]
[Black "Lemke, Johannes"]
[Result "1/2-1/2"]
[WhiteElo "2041"]
[BlackElo "2105"]
[Annotator ""]
[Source ""]
[Remark ""]

1.d4 d5 2.Nf3 Nf6 3.c3 c5 4.e3 e6 5.Nbd2 Nbd7 6.Bd3 Bd6 7.O-O
O-O 8.e4 cxd4 9.cxd4 dxe4 10.Nxe4 Nxe4 11.Bxe4 Nf6 12.Bg5 h6
13.Bxf6 Qxf6 14.Qe2 g6 15.Rac1 Rb8 1/2-1/2

[Event "SK Sontheim/Brenz 1 - TG Biberach 1"]
[Site "Oberliga Württemberg 2018/2019"]
[Date "2018.10.14"]
[Round "2"]
[White "Klein, Andreas"]
[Black "Namyslo, Holger"]
[Result "1/2-1/2"]
[WhiteElo "2024"]
[BlackElo "2214"]
[Annotator ""]
[Source ""]
[Remark ""]

1.e4 e6 2.d4 d5 3.Bd3 c5 4.c3 Nc6 5.Nf3 Nf6 6.e5 Nd7 7.a3 Qb6
8.Bc2 f6 9.exf6 Nxf6 10.O-O Bd6 11.dxc5 Bxc5 12.b4 Bd6 13.c4
Qc7 14.Nc3 O-O 15.Nb5 Qb8 16.Nxd6 Qxd6 17.c5 Qc7 18.Bb2 a6 19.Re1
Qf4 20.g3 Qg4 21.Ne5 Qh3 22.f4 Nxe5 23.Bxe5 Bd7 24.Qd4 Rae8 25.Bd3
Ba4 26.Rab1 Rf7 27.Qf2 Bc6 28.Bd4 Ne4 29.Qg2 Qh5 30.Rf1 Ref8
31.Ra1 g5 32.a4 Qg6 33.b5 axb5 34.axb5 Bd7 35.fxg5 Rxf1+ 36.Rxf1
Rxf1+ 37.Qxf1 Qxg5 38.Bxe4 dxe4 39.Qc4 Qd5 40.Qxd5 exd5 1/2-1/2

[Event "SK Sontheim/Brenz 1 - TG Biberach 1"]
[Site "Oberliga Württemberg 2018/2019"]
[Date "2018.10.14"]
[Round "2"]
[White "Schulze, Andreas"]
[Black "Kaufmann, Thorsten"]
[Result "1-0"]
[WhiteElo "2121"]
[BlackElo "2043"]
[Annotator ""]
[Source ""]
[Remark ""]

1.e4 c5 2.Nf3 e6 3.d4 cxd4 4.Nxd4 Nf6 5.Bd3 Nc6 6.Be3 a6 7.Nxc6
dxc6 8.a4 e5 9.h3 Be6 10.O-O b5 11.Qd2 Be7 12.Qc3 O-O 13.Qxe5
Nd7 14.Qc3 Bf6 15.Bd4 Bxd4 16.Qxd4 c5 17.Qe3 c4 18.Be2 b4 19.Nd2
Qc7 20.f4 f6 21.Nf3 Qc5 22.Nd4 Rfe8 23.Qf2 Bf7 24.Bf3 Rad8 25.c3
a5 26.g4 Qc7 27.e5 fxe5 28.Nc6 Rc8 29.Rae1 e4 30.Rxe4 Rxe4 31.Bxe4
Nf6 32.Bg2 Bd5 33.Ne5 Qc5 34.Qxc5 Rxc5 35.Rd1 h6 36.g5 hxg5 37.Bxd5+
Rxd5 38.Rxd5 Nxd5 39.cxb4 axb4 40.Nxc4 gxf4 41.Kf2 Kf7 42.Kf3
g5 43.Ke4 Ke6 44.Nd2 Ne3 45.Nf3 Nc4 46.Nxg5+ Kf6 47.Kxf4 Nxb2
48.Ne4+ Ke7 49.a5 Kd7 50.h4 Nd3+ 51.Kf5 b3 52.h5 b2 53.Nc3 Nb4
54.h6 Nd5 55.Nb1 Ne7+ 56.Kg5 Nc6 57.a6 Kc7 58.Kf6 1-0

[Event "SK Sontheim/Brenz 1 - TG Biberach 1"]
[Site "Oberliga Württemberg 2018/2019"]
[Date "2018.10.14"]
[Round "2"]
[White "Wegener, Jochen"]
[Black "Sokratov, Stanislav"]
[Result "0-1"]
[WhiteElo "1837"]
[BlackElo "2158"]
[Annotator ""]
[Source ""]
[Remark ""]

1.e4 c5 2.d3 Nc6 3.g3 d5 4.Nc3 dxe4 5.Nxe4 b6 6.Bg2 Bb7 7.Ne2
g6 8.O-O Bg7 9.c3 h6 10.f4 e6 11.Be3 Nge7 12.Qc2 O-O 13.Rad1
Rc8 14.Bf2 Rc7 15.Nd2 Rd7 16.Nf3 Ba6 17.Nc1 Qc7 18.Qa4 Bb7 19.Rd2
Rfd8 20.Rfd1 Nf5 21.Ne2 Kh7 22.Qc2 Ba6 23.g4 Nd6 24.b3 f5 25.g5
h5 26.a4 Bb7 27.Ng3 Nf7 28.Ne2 Ne7 29.d4 Be4 30.Qc1 Qc6 31.Ne5
Nxe5 32.Bxe4 Qxe4 33.dxe5 Rd3 34.Rxd3 Rxd3 35.Rxd3 Qxd3 36.Qe3
Qd1+ 37.Kg2 Qxb3 38.Qf3 Qxa4 39.Ng3 Qc6 0-1

[Event "SK Schmiden/Cannstatt 1 - SC Weiler im Allgäu 1"]
[Site "Oberliga Württemberg 2018/2019"]
[Date "2018.10.14"]
[Round "2"]
[White "Plat, Vojtech"]
[Black "Holzhäuer, Mathias"]
[Result "1-0"]
[WhiteElo "2536"]
[BlackElo "2252"]
[Annotator ""]
[Source ""]
[Remark ""]

1.d4 Nf6 2.c4 Nc6 3.Nf3 e6 4.Nc3 Bb4 5.Bd2 O-O 6.e3 d6 7.Qc2
e5 8.dxe5 dxe5 9.a3 Bxc3 10.Bxc3 Re8 11.b4 Bg4 12.Be2 e4 13.Rd1
Qe7 14.b5 Nb8 15.Bb4 Qe6 16.Nd4 Qe5 17.Bc3 Qg5 18.Bxg4 Qxg4 19.Ne2
Nbd7 20.Ng3 Qe6 21.Bxf6 Nxf6 22.O-O a6 23.a4 c5 24.bxc6 Qxc6
25.Nf5 Qc5 26.Nd6 Re6 27.Qd2 Qc6 28.Qb4 b6 29.Rd4 a5 30.Qa3 Nd7
31.Rfd1 Nc5 {(=)} 32.Nb5 Nd3 33.Nc3 f5 34.Nd5 Nc5 35.Rb1 Rb8
36.Rb5 Rb7 37.h3 Nd3 38.Nxb6 Nb4 39.c5 h6 40.Qb3 Kh7 41.Nd5 Re5
42.Nxb4 axb4 43.Qxb4 Rf7 44.Rd6 Qe8 45.c6 f4 46.Rxe5 Qxe5 47.Qd4
Qf5 48.Qd5 fxe3 49.Qxf5+ Rxf5 50.fxe3 Rc5 51.Kh2 Kg8 52.a5 1-0

[Event "SK Schmiden/Cannstatt 1 - SC Weiler im Allgäu 1"]
[Site "Oberliga Württemberg 2018/2019"]
[Date "2018.10.14"]
[Round "2"]
[White "Kabisch, Thilo"]
[Black "Henrichs, Thomas"]
[Result "1-0"]
[WhiteElo "2291"]
[BlackElo "2459"]
[Annotator ""]
[Source ""]
[Remark ""]

1.e4 e5 2.Nf3 Nc6 3.Bb5 a6 4.Ba4 Nf6 5.O-O Be7 6.Re1 b5 7.Bb3
d6 8.c3 O-O 9.h3 Nb8 10.d4 Nbd7 11.Nbd2 Bb7 12.Bc2 Re8 13.Nf1
Bf8 14.Ng3 g6 15.a4 ( 15.Bg5 h6 16.Bd2 Bg7 ) c5 16.d5 c4 17.Be3
( 17.Bg5 h6 18.Bd2 Bg7 19.b4 ) Qc7 18.Qd2 Nc5 19.Nh2 h5 20.Bg5
( 20.f3 ) Nh7 ( 20...Be7 21.Ra3 Nh7 22.Be3 ) 21.Be3 Nf6 22.Bg5
Nh7 23.Be3 Bg7 24.f4 exf4 25.Bxf4 Nf6 26.Nf3 bxa4 27.Bxa4 Nfxe4
28.Qc2 Nxa4 29.Nxe4 Nb6 30.Bxd6 Qd7 31.Ne5 Qd8 32.Nxf7 Kxf7 33.Rf1+
Kg8 34.Nf6+ Qxf6 35.Rxf6 Bxf6 36.Qxg6+ Bg7 37.Bc5 Nd7 38.Rf1
Bxd5 39.Bd4 Ne5 40.Qg5 Re6 41.Rf5 Rae8 42.Qxh5 Be4 43.Rf4 Bg6
44.Qg5 Nf7 45.Qd5 Re1+ 46.Kh2 R1e2 47.Qxc4 Rxb2 48.Rg4 Bxd4 49.Rxg6+
Bg7 50.Qg4 1-0

[Event "SK Schmiden/Cannstatt 1 - SC Weiler im Allgäu 1"]
[Site "Oberliga Württemberg 2018/2019"]
[Date "2018.10.14"]
[Round "2"]
[White "Kraus, Tomas"]
[Black "Trachtmann, Mark"]
[Result "1/2-1/2"]
[WhiteElo "2452"]
[BlackElo "2253"]
[Annotator ""]
[Source ""]
[Remark ""]

1.d4 g6 2.e4 Bg7 3.g3 d6 4.Bg2 Nc6 5.Ne2 e5 6.Be3 Nf6 7.h3 O-O
8.Nbc3 a6 9.O-O Re8 10.f4 exd4 11.Nxd4 Bd7 12.Re1 Na5 13.Bf2
c5 14.Nf3 Bc6 15.Nd2 b5 16.a3 Qc7 17.b4 cxb4 18.axb4 Nc4 19.Nxc4
bxc4 20.Bd4 Qb7 21.Qd2 Rad8 22.Rad1 Nh5 23.Bxg7 Nxg7 24.Rb1 Qb6+
25.Kh2 Ne6 26.Nd5 Bxd5 27.Qxd5 Qd4 28.Rbd1 Qc3 29.Qd2 Qf6 30.c3
Nc7 31.Ra1 Nb5 32.Re3 d5 33.exd5 Rxe3 34.Qxe3 Nxc3 35.Qe5 Qxe5
36.fxe5 Nxd5 37.Bxd5 Rxd5 38.Rxa6 c3 39.h4 Rxe5 40.Rc6 Re2+ 41.Kh3
Rb2 42.Rxc3 Rxb4 43.Ra3 Kg7 44.Ra5 Rb3 45.h5 Rf3 46.Kg4 Rf1 47.hxg6
hxg6 48.Ra8 Re1 49.Ra7 Re6 50.Rb7 Kf6 51.Kf4 Rd6 52.Rb4 Ke6 53.Re4+
Kf6 54.Ra4 g5+ 55.Kg4 Kg6 56.Ra3 Rd4+ 57.Kh3 Kh5 58.Ra5 Rd3 59.Rb5
f6 60.Ra5 Kg6 61.Ra6 Re3 62.Rb6 Kf5 63.Rb4 Rd3 64.Ra4 Kg6 65.Ra5
f5 66.Kg2 Rd2+ 67.Kg1 Kf6 68.Kf1 Ke6 69.g4 fxg4 1/2-1/2

[Event "SK Schmiden/Cannstatt 1 - SC Weiler im Allgäu 1"]
[Site "Oberliga Württemberg 2018/2019"]
[Date "2018.10.14"]
[Round "2"]
[White "Krockenberger, Martin"]
[Black "Balacek, Tadeas"]
[Result "0-1"]
[WhiteElo "2179"]
[BlackElo "2289"]
[Annotator ""]
[Source ""]
[Remark ""]

1.d4 Nf6 2.c4 c5 3.d5 b5 4.cxb5 a6 5.f3 g6 6.e4 Bg7 7.Nc3 O-O
8.Nh3 d6 9.Nf2 Qb6 10.a4 axb5 11.Bxb5 Na6 12.O-O Nc7 13.Be3 Bd7
14.b4 Bxb5 15.axb5 Nd7 16.Rxa8 Rxa8 17.bxc5 Nxc5 18.Bd4 Nxb5
19.Bxg7 Kxg7 20.Qb1 Rb8 21.Qxb5 Qxb5 22.Nxb5 Rxb5 23.g4 g5 24.Kg2
Rb2 25.Kg3 Rb3 26.Kg2 Ra3 27.h4 gxh4 28.Rh1 Ra2 29.Kg1 Ra1+ 30.Kg2
Rxh1 31.Kxh1 h5 32.g5 Kg6 33.Nh3 e6 34.dxe6 fxe6 35.Kg2 e5 36.f4
exf4 37.Nxf4+ Kxg5 38.Kf3 Nxe4 39.Kxe4 Kg4 40.Nd5 h3 41.Nf6+
Kg5 42.Nh7+ Kh6 0-1

[Event "SK Schmiden/Cannstatt 1 - SC Weiler im Allgäu 1"]
[Site "Oberliga Württemberg 2018/2019"]
[Date "2018.10.14"]
[Round "2"]
[White "Srba, Milan"]
[Black "Thoma, Christian"]
[Result "0-1"]
[WhiteElo "2177"]
[BlackElo "2168"]
[Annotator ""]
[Source ""]
[Remark ""]

1.e4 c5 2.Nf3 d6 3.d4 cxd4 4.Nxd4 Nf6 5.Nc3 a6 6.Bg5 e6 7.f4
h6 8.Bxf6 Qxf6 9.Qd2 Nc6 10.Nf3 g5 11.g3 gxf4 12.gxf4 Ne5 13.fxe5
Qxf3 14.Bg2 Qh5 15.O-O Qxe5 16.Kh1 Bd7 17.Qf2 O-O-O 18.Qxf7 d5
19.Qf4 Qxf4 20.Rxf4 d4 21.Ne2 Bc5 22.Nc1 e5 23.Rf3 Rhf8 24.Nd3
Rxf3 25.Bxf3 Bd6 26.Rg1 Ba4 27.Bg4+ Kb8 28.b3 Bc6 29.Bf5 Rf8
30.Bh7 Rf7 31.Rg8+ Ka7 32.Bg6 Rf3 33.Kg1 Re3 34.Rh8 Bxe4 35.Bxe4
Rxe4 36.Rxh6 Bc7 37.Rh7 Bb6 38.Kf2 Re3 39.Re7 e4 40.Ne5 Rc3 41.h4 0-1

[Event "SK Schmiden/Cannstatt 1 - SC Weiler im Allgäu 1"]
[Site "Oberliga Württemberg 2018/2019"]
[Date "2018.10.14"]
[Round "2"]
[White "Eisele, Steffen"]
[Black "Wunder, Fabian"]
[Result "1-0"]
[WhiteElo "2235"]
[BlackElo "2035"]
[Annotator ""]
[Source ""]
[Remark ""]

1.e4 d6 2.d4 Nf6 3.Nc3 c6 4.Be3 Ng4 5.Bc1 Nf6 6.f4 Qa5 7.e5 Ne4
8.Qf3 f5 9.exf6 Nxf6 10.Bd3 Bg4 11.Qf2 Bf5 12.Bxf5 Qxf5 13.Nf3
Na6 14.O-O Nc7 15.Re1 O-O-O 16.Nd1 g6 17.c4 Re8 18.Nc3 Bg7 19.Bd2
Kb8 20.b4 Nd7 21.Rab1 e5 22.b5 cxb5 23.dxe5 bxc4 24.Nd4 Qd3 25.Nc6+
Kc8 26.Nxa7+ Kd8 27.Rxb7 Nc5 28.Rb6 Bf8 29.Re3 Qd4 30.Nc6+ 1-0